000 00629nam a2200229Ia 4500
003 OSt
005 20220925215001.0
006 a|||||r|||| 00| 0
007 ta
008 220923b |||||||| |||| 00| 0 eng d
020 _a085641 011 X
037 _cGeneral Book
040 _aRTL
_cRTL
_beng
041 _2eng
_aeng
082 _aX:(B), L3/TD3
100 _aWALLIS Kenneth F
_9128953
245 0 _aTopics in applied econometrics.
260 _aLondon
_bGray-mills publishing ltd
_c1973
300 _a136p.
_ccm.
942 _hX:(B), L3/TD3
_cGB
_2CC
999 _c567432
_d567432